| 000 | 00593nam a2200193 a 4500 | ||
|---|---|---|---|
| 001 | 1922 | ||
| 003 | CDMR | ||
| 005 | 20131126125437.0 | ||
| 008 | 130130s1966||||||||||||||||||||||||||||d | ||
| 040 |
_aCDMR _bcat _cCDMR |
||
| 100 | 1 |
_aFaus Belau, Ángel _91434 |
|
| 245 | 1 | 3 |
_aLa ciencia periodística de Otto Groth _cÁngel Faus Belau |
| 260 |
_aPamplona _c1966 _bUiversidad de Navarra. Instituto de Periodismo |
||
| 300 | _a135 p. | ||
| 490 | 0 |
_aCuadernos de Trabajo _v9 |
|
| 600 | 1 |
_94389 _aGroth, Otto _d1883-1965 _xPunts de vista sobre periodisme |
|
| 650 | 0 | 4 |
_9382 _aPeriodisme |
| 942 |
_cMON _2udc |
||
| 999 |
_c1922 _d1922 |
||